| 000 | 00342nam a2200133Ia 4500 | ||
|---|---|---|---|
| 005 | 20260328104337.0 | ||
| 008 | 260328s9999||||xx |||||||||||||| ||und|| | ||
| 100 | _aMestre, Octavio | ||
| 245 | 0 |
_aCUAdeRNO de ViajeS : _brevisando a los Maestros / _cOctavio Mestre |
|
| 260 | _bFSC | ||
| 300 | _a301 p. | ||
| 650 | _aARQUITECTOS | ||
| 942 | _cBK | ||
| 999 |
_c11938 _d11938 |
||